Пеностеклокристаллические материалы на основе природного и техногенного сырья: монография

Détails bibliographiques
Auteur principal: Казьмина О. В. Ольга Викторовна
Collectivité auteur: Национальный исследовательский Томский политехнический университет (ТПУ) Институт физики высоких технологий (ИФВТ) Кафедра технологии силикатов и наноматериалов (ТСН)
Autres auteurs: Верещагин В. И. Владимир Иванович, Абияка А. Н. Анатолий Николаевич
Résumé:Заглавие с титульного экрана
Электронная версия печатной публикации
В монографии рассмотрены физико-химические закономерности получения пеностеклокристаллических материалов на основе гранулята, синтезируемого при температурах ниже 90 °С, с использованием кремнеземистого и алюмосиликатного сырья, включая отсевы, включая отсевы кварцевых песков, маршаллит, диатомит, опока, цеолит, золотошлаковые отходы тепловых электростанций. Предназначена для студентов в области стекольного производства, а также для аспирантов и студентов, обучающихся по специальности "Химическая технология тугоплавких неметаллических и силикатных материалов".
Режим доступа: из корпоративной сети ТПУ
Langue:russe
Publié: Томск, Изд-во ТПУ, 2014
Sujets:
Accès en ligne:http://www.lib.tpu.ru/fulltext2/m/2015/m022.pdf
Format: Électronique Livre
KOHA link:https://koha.lib.tpu.ru/cgi-bin/koha/opac-detail.pl?biblionumber=288633

MARC

LEADER 00000nlm0a2200000 4500
001 288633
005 20240209110301.0
035 |a (RuTPU)RU\TPU\book\313112 
035 |a RU\TPU\book\313076 
090 |a 288633 
100 |a 20150326d2014 k y0rusy50 ca 
101 0 |a rus 
102 |a RU 
105 |a a z 001zy 
135 |a drcn ---uucaa 
181 0 |a i  
182 0 |a b 
200 1 |a Пеностеклокристаллические материалы на основе природного и техногенного сырья  |e монография  |f О. В. Казьмина, В. И. Верещагин, А. Н. Абияка  |g Национальный исследовательский Томский политехнический университет (ТПУ) 
203 |a Текст  |c электронный 
210 |a Томск  |c Изд-во ТПУ  |d 2014 
300 |a Заглавие с титульного экрана 
300 |a Электронная версия печатной публикации 
330 |a В монографии рассмотрены физико-химические закономерности получения пеностеклокристаллических материалов на основе гранулята, синтезируемого при температурах ниже 90 °С, с использованием кремнеземистого и алюмосиликатного сырья, включая отсевы, включая отсевы кварцевых песков, маршаллит, диатомит, опока, цеолит, золотошлаковые отходы тепловых электростанций. Предназначена для студентов в области стекольного производства, а также для аспирантов и студентов, обучающихся по специальности "Химическая технология тугоплавких неметаллических и силикатных материалов". 
333 |a Режим доступа: из корпоративной сети ТПУ 
337 |a Adobe Reader 
452 1 |0 (RuTPU)RU\TPU\book\309615  |y 978-5-4387-0495-9  |t Пеностеклокристаллические материалы на основе природного и техногенного сырья  |o монография  |f О. В. Казьмина, В. И. Верещагин, А. Н. Абияка  |g Национальный исследовательский Томский политехнический университет (ТПУ)  |c Томск  |n Изд-во ТПУ  |d 2014  |p 246 с.  |a Казьмина, Ольга Викторовна 
606 |a Стеклокристаллические материалы  |2 stltpush  |3 (RuTPU)RU\TPU\subj\69449  |9 84300 
610 1 |a электронный ресурс 
610 1 |a монографии 
610 1 |a труды учёных ТПУ 
610 1 |a пеностеклокристаллические материалы 
610 1 |a природное сырье 
610 1 |a техногенное сырье 
610 1 |a физико-химические закономерности 
610 1 |a грануляты 
610 1 |a алюмосиликатное сырье 
610 1 |a кварцевые пески 
610 1 |a маршалиты 
610 1 |a диатомиты 
610 1 |a опоки 
610 1 |a цеолиты 
610 1 |a перлиты 
610 1 |a золотошлаковые отходы 
610 1 |a тепловые электростанции 
610 1 |a пеностекло 
610 1 |a силикатные пеноматериалы 
610 1 |a стекла 
675 |a 666.26  |v 3 
700 1 |a Казьмина  |b О. В.  |c химик-технолог  |c профессор Томского политехнического университета, доктор технических наук  |f 1967-  |g Ольга Викторовна  |3 (RuTPU)RU\TPU\pers\26196  |9 12004 
701 1 |a Верещагин  |b В. И.  |c химик-технолог  |c профессор Томского политехнического университета, доктор технических наук  |f 1942-  |g Владимир Иванович  |3 (RuTPU)RU\TPU\pers\19774  |9 7712 
701 1 |a Абияка  |b А. Н.  |c химик-технолог  |c инженер Томского политехнического университета  |f 1947-  |g Анатолий Николаевич  |3 (RuTPU)RU\TPU\pers\31325 
712 0 2 |a Национальный исследовательский Томский политехнический университет (ТПУ)  |b Институт физики высоких технологий (ИФВТ)  |b Кафедра технологии силикатов и наноматериалов (ТСН)  |3 (RuTPU)RU\TPU\col\18694 
712 0 2 |a Национальный исследовательский Томский политехнический университет (ТПУ)  |b Институт физики высоких технологий (ИФВТ)  |b Кафедра технологии силикатов и наноматериалов (ТСН)  |3 (RuTPU)RU\TPU\col\18694 
801 1 |a RU  |b 63413507  |c 20130821 
801 2 |a RU  |b 63413507  |c 20160201  |g RCR 
856 4 |u http://www.lib.tpu.ru/fulltext2/m/2015/m022.pdf 
942 |c CF